|
|
|
|
| LEADER |
00000cam a2200000 7i4500 |
| 001 |
0000001190 |
| 005 |
20151222.0 |
| 008 |
070703 |
| 020 |
|
|
|a 9831980190(set)
|
| 020 |
|
|
|a 9831980263
|
| 090 |
0 |
0 |
|a JF
|b SC MAL (1415)
|
| 100 |
0 |
|
|a Azarina Badrul
|
| 245 |
1 |
0 |
|a Terjebak di dunia angkasa moden
|c Azarina Badrul
|
| 260 |
|
|
|a Kuala Lumpur :
|b Jade Garden Publications ,
|c 2005
|
| 440 |
|
|
|a Siri lompatan quantum
|
| 500 |
|
|
|a Children ages 7-9 years old (orange)
|
| 650 |
|
0 |
|a Judul
|
| 650 |
|
0 |
|a Malay fiction
|
| 650 |
|
0 |
|a Science fiction, Malay
|
| 650 |
|
0 |
|a Siri
|
| 999 |
|
|
|a 0000957036
|b Book
|c Children Collection
|e Perbadanan Perpustakaan Awam Johor
|
| 999 |
|
|
|a 0000957161
|b Book
|c Children Collection
|e Perbadanan Perpustakaan Awam Johor
|
| 999 |
|
|
|a 0000957162
|b Book
|c Children Collection
|e Perbadanan Perpustakaan Awam Johor
|
| 999 |
|
|
|a 0000968692
|b Book
|c Children Collection
|e Cawangan Tmn. Ungku Tun Aminah
|
| 999 |
|
|
|a 0000968704
|b Book
|c Children Collection
|e Cawangan Tmn. Ungku Tun Aminah
|
| 999 |
|
|
|a 0000968720
|b Book
|c Children Collection
|e Cawangan Tmn. Ungku Tun Aminah
|
| 999 |
|
|
|a 0000968732
|b Book
|c Children Collection
|e Cawangan Pontian
|
| 999 |
|
|
|a 0000968733
|b Book
|c Children Collection
|e Cawangan Mersing
|
| 999 |
|
|
|a 0000968734
|b Book
|c Children Collection
|e Cawangan Tmn. Ungku Tun Aminah
|
| 999 |
|
|
|a 000906771
|b Book
|c Teenagers
|e Cawangan Bandar Tenggara
|